UBT Library

Production, power, and world order : (Record no. 43875)

000 -LEADER
fixed length control field 00654cam a2200229 a 4500
001 - CONTROL NUMBER
control field 2879644
005 - DATE AND TIME OF LATEST TRANSACTION
control field 20180301084401.0
008 - FIXED-LENGTH DATA ELEMENTS--GENERAL INFORMATION
fixed length control field 860925s1987 nyu b 001 0 eng
010 ## - LIBRARY OF CONGRESS CONTROL NUMBER
LC control number 86026387
020 ## - INTERNATIONAL STANDARD BOOK NUMBER
International Standard Book Number 023105808X
040 ## - CATALOGING SOURCE
Original cataloging agency DLC
Transcribing agency DLC
Modifying agency DLC
041 ## - LANGUAGE CODE
Language code of text/sound track or separate title eng
080 ## - UNIVERSAL DECIMAL CLASSIFICATION NUMBER
Universal Decimal Classification number 94 COX
082 ## - DEWEY DECIMAL CLASSIFICATION NUMBER
Classification number 94 COX
100 1# - Rafti
Rafti 16
101 ## - Shkurtesa
Shkurtesa HIS
245 10 - TITLE STATEMENT
Title Production, power, and world order :
Statement of responsibility, etc Robert W. Cox.
504 ## - BIBLIOGRAPHY, ETC. NOTE
Bibliography, etc Bibliography: p. [463]-487.
800 1# - SERIES ADDED ENTRY--PERSONAL NAME
Personal name Cox, Robert W.,
Dates associated with a name 1926-
Title of a work Power and production ;
Volume/sequential designation v. 1.
906 ## - LOCAL DATA ELEMENT F, LDF (RLIN)
a 7
b cbc
c orignew
d 1
e ocip
f 19
g y-gencatlg
942 ## - ADDED ENTRY ELEMENTS (KOHA)
Source of classification or shelving scheme
Item type Books
Holdings
Withdrawn status Lost status Source of classification or shelving scheme Damaged status Not for loan Collection code Permanent location Current location Shelving location Date acquired Total Checkouts Full call number Barcode Date last seen Price effective from Koha item type
          Koleksioni i përgjithshem UBT - Lipjan UBT - Lipjan Koleksioni i përgjithshem 03/01/2018   94 COX 002-3000563 03/01/2018 03/01/2018 Books
UBT Library © 2015-2024. All rights reserved University Education for Business and Technology